Analýza cyklického vývoja vybraných ekonomických ukazovateľov v krajinách V4 diplomová práca

Salvato in:
Dettagli Bibliografici
Autore principale: Battulga, Uran-Egshig
Ente Autore: Fakulta hospodárskej informatiky EU. Katedra operačného výskumu a ekonometrie
Altri autori: Ivaničová, Zlatica
Natura: Libro
Lingua:slovacco
Pubblicazione: Bratislava 2016
Tags: Aggiungi Tag
Nessun Tag, puoi essere il primo ad aggiungerne!!

MARC

LEADER 00000nbm a2200000 4500
001 0216840
005 20170215094432.7
041 0 |a slo 
044 |a SK 
245 1 0 |a Analýza cyklického vývoja vybraných ekonomických ukazovateľov v krajinách V4  |b diplomová práca  |c Uran-Egshig Battulga ; školiteľ: Zlatica Ivaničová 
264 1 |a Bratislava  |c 2016 
300 |a 57 s. 
100 1 |a Battulga, Uran-Egshig 
700 1 |a Ivaničová, Zlatica 
710 2 |a Fakulta hospodárskej informatiky EU. Katedra operačného výskumu a ekonometrie